The Mediterranean / by A. B. C. Whipple and the ... Read More
Available copies
- 1 of 1 copy available at LARL/NWRL Consortium.
Current holds
0 current holds with 1 total copy.
Show All Copies
| Location | Call Number / Copy Notes | Barcode | Shelving Location | Status | Due Date |
|---|---|---|---|---|---|
| Roseau Public Library | 940.54 WHI (Text) | 35500001778792 | Main | Available | - |
Record details
- ISBN: 0809433850
- ISBN: 0809433842 (lib. bdg.)
- ISBN: 0809433834 (retail ed.)
- Physical Description: 208 p. : ill. ; 29 cm.
- Publisher: Alexandria, Va. : Time-Life Books, 1981.
Content descriptions
| General Note: | Includes index. |
| Bibliography, etc. Note: | Bibliography: p. 202-203. |
Search for related items by subject
| Subject: | World War, 1939-1945 > Campaigns > Mediterranean Sea. World War, 1939-1945 > Mediterranean Region. |
Search for related items by series
| LDR | 01152cam a2200325 4500 | ||
|---|---|---|---|
| 001 | 3426 | ||
| 003 | LARL_NWRL_CONSORTIUM | ||
| 005 | 19900802170724.0 | ||
| 008 | 801215s1981 vaua b 001 0 eng | ||
| 020 | . | ‡a0809433850 | |
| 020 | . | ‡a0809433842 (lib. bdg.) | |
| 020 | . | ‡a0809433834 (retail ed.) | |
| 035 | . | ‡a(OCoLC)7175598 | |
| 043 | . | ‡amm----- | |
| 082 | 0 | . | ‡a940.54/21 ‡219 |
| 092 | . | ‡a940.5 ‡bW | |
| 100 | 1 | . | ‡aWhipple, A. B. C. ‡q(Addison Beecher Colvin), ‡d1918- ‡0(LARL_NWRL_CONSORTIUM)54640 |
| 245 | 1 | 4. | ‡aThe Mediterranean / ‡cby A. B. C. Whipple and the editors of Time-Life Books. |
| 260 | . | ‡aAlexandria, Va. : ‡bTime-Life Books, ‡c1981. | |
| 300 | . | ‡a208 p. : ‡bill. ; ‡c29 cm. | |
| 490 | 0 | . | ‡aWorld War II |
| 500 | . | ‡aIncludes index. | |
| 504 | . | ‡aBibliography: p. 202-203. | |
| 650 | 0. | ‡aWorld War, 1939-1945 ‡xCampaigns ‡zMediterranean Sea. ‡0(LARL_NWRL_CONSORTIUM)42569 | |
| 650 | 0. | ‡aWorld War, 1939-1945 ‡zMediterranean Region. | |
| 901 | . | ‡a3426 ‡bOCLC ‡c3426 ‡tbiblio | |

Add to basket
Permalink
Disable Highlighting